Bienvenue à la Médiathèque de Saint-Andiol
banniere
Accueil Recherche avancée Mon compte
handi1 Rechercher dans le catalogue

Filtre   Mots-clés
  Recherche avancée
 
Lister les dernières nouveautés
 
Lister les livres GROS CARACTERES
 
Lister les périodiques (magazines)

handi1 Héritières de la salamandre (Les)

<< Retourner aux résultats de la recherche
Book Cover
Auteur principal : Françoise Bourdon
Titre : Héritières de la salamandre (Les)
Support : Livres
Langue : Francais
Genre : Roman
Sujets :
Étiquettes :
Pas de tags
LEADER 00949nam0a2200193 450
001 16868120
010 |a 978-2-36360-698-3  |b br.  |d 25 € 
100 |a 20220512d2022 u u0frey01 ba 
101 0 |a fre 
102 |a FR 
200 0 |a Héritières de la salamandre (Les)  |f Françoise Bourdon 
207 1 |a   
215 |a 1 vol. (488 p.)  |d 22 x 15 cm 
330 |a En 1965, en regardant un documentaire sur la BBC, la célèbre pianiste Esther Leavers découvre l'histoire du village de La Roque-sur-Pernes, dans le Vaucluse, dont la reconstruction après 1945 a été confiée à des immigrés roumains de la région de Bannat. Or, dans le reportage, une certaine Alexandra Mayer est interviewée. C'est le nom de jeune fille de la mère d'Esther. 
676 |a 843 
700 0 |a Bourdon  |b Françoise  |f 1953-....  |4 70 
900 |a Roman 
901 |a Adultes 
995 |a Médiathèque  |c Médiathèque  |f 00156009944752  |h 00156009944752  |k R BOU  |o p  |q a  |r az  |e MédiathèqueÂ